| 000 | 01612nam a22004217a 4500 | ||
|---|---|---|---|
| 003 | CHAP | ||
| 005 | 20220329143426.0 | ||
| 008 | 090623s2009 mx r 00010 spa d | ||
| 010 | _a96414 | ||
| 011 | _a97386 | ||
| 035 | _a108052 | ||
| 040 | _cCHAP | ||
| 090 | _aTesis | ||
| 100 | 1 |
_aConstantino pérez, Fredy Isrrael. _927368 |
|
| 245 | 1 | 0 |
_aTitulación de anticuerpos contra la rabia en bovinos utilizando una vacuna inactivada cepa Pasteur _c/por Fredy Isrrael Constantino Pérez |
| 260 |
_aChapingo, Méx. : _bEl autor, _c2009 |
||
| 300 |
_avii, 34 h. : _bcuadros, gráfs. |
||
| 502 | _aTesis (Ing. Agr. Esp. en Zootecnia) -- UACH. Departamento de Zootecnia | ||
| 530 | _aTambién disponible en línea | ||
| 590 |
_aALEPH _b10 _c20130110 _lUCH01 _h1529 |
||
| 590 |
_aBATCH-UPD _b10 _c20130110 _lUCH01 _h0445 |
||
| 590 |
_aBATCH-UPD _b10 _c20130410 _lUCH01 _h0122 |
||
| 590 |
_aBATCH-UPD _b10 _c20130914 _lUCH01 _h1036 |
||
| 590 |
_aBATCH-UPD _b10 _c20140324 _lUCH01 _h1512 |
||
| 590 |
_aBATCH-UPD _b10 _c20141002 _lUCH01 _h0839 |
||
| 590 |
_aBATCH _b00 _c20181121 _lUCH01 _h0759 |
||
| 590 |
_aCONVERSION _b10 _c20130109 _lUCH01 _h1353 |
||
| 650 | 1 | 4 |
_aAntigenos y anticuerpos. _96080 |
| 650 | 1 | 4 |
_aGanado vacuno _xResistencia a enfermedades. _945511 |
| 650 | 1 | 4 |
_aRabia. _993630 |
| 650 | 1 | 4 |
_aVacunas. _9117179 |
| 856 |
_3Finding aid _uhttp://10.13.5.2/tesis/108052.pdf _zTeclea aqui |
||
| 856 |
_a1 _n0001679 |
||
| 901 | _aBK | ||
| 942 | _cFOLL | ||
| 949 |
_aTesis _bBC _cTES _d33724002099934 _eTS1 _gDonaciØn _h49322 _i108052 _sb |
||
| 949 |
_aTesis _bBC _cTES _d33724002099975 _eTS2 _fc.2 _gDonaciØn _h49323 _i108052 _sb |
||
| 999 |
_c96414 _d96414 |
||